Statistiken für Alle Minderheiten Montenegros

Klicken Sie hier um das Quiz zu spielen!

Allgemein

  • Dieses Quiz wurde 35 mal gespielt
  • Das Durchschnittsergebnis liegt bei 10 aus 11

Antwortstatistiken

BevölkerungLand% Korrekt
54,032Bosnien und Herzegowina
100%
6,021Kroatien
100%
178,110Serbien
100%
30,439Albanien
96%
104Türkei
92%
900Nordmazedonien
88%
354Slowenien
88%
131Deutschland
85%
135Italien
85%
946Russland
77%
337Ungarn
65%

Verteilung der Resultate

Perzentil nach korrekt beantworteten Fragen

Anzahl Personen mit jedem Resultat

Ihre Resultats-Entwicklung

Sie haben dieses Quiz noch nicht gespielt